G-Eazy Discography - Statistics

General Stats
  • This quiz has been taken 34 times
    8 since last reset
  • The average score is 7 of 21
Answer Stats
Year Name Type % Correct
2017 The Beautiful and Damned Album
100%
2014 These Things Happen Album
100%
2021 These Things Happen Too Album
86%
2015 When It's Dark Out Album
86%
2011 The Endless Summer Mixtape
57%
2020 Everything's Strange Here Compilation
43%
2012 Must Be Nice Album
43%
2009 The Epidemic LP Album
29%
2018 The Vault EP
29%
2010 Big Mixtape
14%
2019 B-Sides EP
14%
2008 Fresh EP EP
14%
2019 Scary Nights EP
14%
2017 Step Brothers EP
14%
2011 The Outsider Mixtape
14%
2013 Must Be Twice EP
0%
2011 Nose Goes EP
0%
2009 Quarantine Mixtape
0%
2009 Sikkis on the Planet Mixtape
0%
2014 These Things Also Happened EP
0%
2008 The Tipping Point Mixtape
0%
No matching quizzes found
Score Distribution
Percent of People with Each Score
Percentile by Number Answered
Your Score History
You have not taken this quiz since the last reset